Breast Cancer Survivorship Programme Follow-Up, Rehabilitation, Psychosocial Oncology Care. 1st Central-Eastern European Professional Consensus Statement on Breast Cancer /

Follow-up includes ongoing contact with and health education of the patient, surveillance and control of the adverse effects of surgery, oncological therapies or radiotherapy, screening of metachronous cancers, and comprehensive (physical, psychological and social) patient rehabilitation, which may...

Teljes leírás

Elmentve itt :
Bibliográfiai részletek
Szerzők: Kahán Zsuzsanna
Szántó István
Dudás Rita
Kapitány Zsuzsanna
Molnár Mária
Koncz Zsuzsa
Mailáth Mónika
Kollaborációs szervezet: Central-Eastern European Academy of Oncology (CEEAO)
Ormándi Katalin
Cserni Gábor
Vörös András
Paszt Attila
Simonka Zsolt
Lázár György ifj
Rubovszky Gábor
et al
Dokumentumtípus: Cikk
Megjelent: 2022
Sorozat:PATHOLOGY AND ONCOLOGY RESEARCH 28
Tárgyszavak:
doi:10.3389/pore.2022.1610391

mtmt:32961748
Online Access:http://publicatio.bibl.u-szeged.hu/37583
LEADER 02870nab a2200397 i 4500
001 publ37583
005 20250902135453.0
008 250902s2022 hu o 000 eng d
022 |a 1219-4956 
024 7 |a 10.3389/pore.2022.1610391  |2 doi 
024 7 |a 32961748  |2 mtmt 
040 |a SZTE Publicatio Repozitórium  |b hun 
041 |a eng 
100 1 |a Kahán Zsuzsanna 
245 1 0 |a Breast Cancer Survivorship Programme  |h [elektronikus dokumentum] :  |b Follow-Up, Rehabilitation, Psychosocial Oncology Care. 1st Central-Eastern European Professional Consensus Statement on Breast Cancer /  |c  Kahán Zsuzsanna 
260 |c 2022 
300 |a 14 
490 0 |a PATHOLOGY AND ONCOLOGY RESEARCH  |v 28 
520 3 |a Follow-up includes ongoing contact with and health education of the patient, surveillance and control of the adverse effects of surgery, oncological therapies or radiotherapy, screening of metachronous cancers, and comprehensive (physical, psychological and social) patient rehabilitation, which may be enhanced by a healthy lifestyle. Primary attention should be paid to early detection and, when needed, curative treatment of local/regional tumour recurrences. Similarly, with the hope of curative solution, it is important to recognize the entity of a low-mass and relatively indolent recurrence or metastasis (oligometastasis); however, there is still no need to investigate distant metastases by routine diagnostic imaging or assess tumour markers. Below there is a list of possible sources of support, with respect to adjuvant hormone therapy continued during long-term care, social support resources, pivotal points and professional opportunities for physical and mental rehabilitation. Individual solutions for specific issues (breast cancer risk/genetic mutation, pregnancy) are provided by constantly widening options. Ideally, a complex breast cancer survivorship programme is practised by a specially trained expert supported by a cooperative team of oncologists, surgeons, breast radiologists, social workers, physiotherapists, psycho-oncologists and psychiatrists. The approach of follow-up should be comprehensive and holistic. 
650 4 |a Klinikai orvostan 
700 0 1 |a Szántó István  |e aut 
700 0 1 |a Dudás Rita  |e aut 
700 0 1 |a Kapitány Zsuzsanna  |e aut 
700 0 1 |a Molnár Mária  |e aut 
700 0 1 |a Koncz Zsuzsa  |e aut 
700 0 1 |a Mailáth Mónika  |e aut 
700 0 2 |a Kollaborációs szervezet: Central-Eastern European Academy of Oncology (CEEAO)  |e aut 
700 0 2 |a Ormándi Katalin  |e aut 
700 0 2 |a Cserni Gábor  |e aut 
700 0 2 |a Vörös András  |e aut 
700 0 2 |a Paszt Attila  |e aut 
700 0 2 |a Simonka Zsolt  |e aut 
700 0 2 |a Lázár György ifj.  |e aut 
700 0 2 |a Rubovszky Gábor  |e aut 
700 0 2 |a et al.  |e aut 
856 4 0 |u http://publicatio.bibl.u-szeged.hu/37583/1/pore-28-1610391.pdf  |z Dokumentum-elérés